000 00538nam a2200217 a 4500
999 _c8524
_d8524
001 8524
003 BD-JhCC
005 20180226192338.0
008 180226b xxu||||| |||| 00| 0 eng d
035 _a(BD-JhCC) 8524
040 _aBD-JhCC
_dBD-JhCC
041 _aeng
082 _a781.264
_bMUS 1977
100 _aMustafa, M.N
245 _aOur Music A Historical Study /
_cM.N Mustafa
260 _aChittagong :
_bBohi Ghar ,
_c1977
300 _a200 p .:
_c22 cm .
650 _aMusic, India
942 _2ddc
_cBK